| 000 | 00660nam a22002057a 4500 | ||
|---|---|---|---|
| 005 | 20251108173524.0 | ||
| 008 | 250721s2004 xx 000 0 ara d | ||
| 082 | 1 | 4 | _aط/956.0669/طبا |
| 100 | 1 | _aالطبال، أحمد علي | |
| 245 | 1 | 0 | _aصلاح الدين الأيوبي / |
| 264 | 1 |
_aطرابلس : _bدار الشمال للطباعة و النشر، _c2004. |
|
| 300 | _a93ص. | ||
| 490 | 0 | _aعظماء العرب | |
| 650 | 1 | 7 | _aالتاريخ الأسلامي |
| 650 | 1 | 7 | _aالأيوبيون 1252-1174 |
| 650 | 1 | 7 | _aمعركة حطين 1187 |
| 653 | _aناشئون صغار (10-14 سنة ) | ||
| 942 |
_2ddc _cBK |
||
| 999 |
_c105921 _d105921 |
||